| 000 | 00958cam a2200217 4500 | ||
|---|---|---|---|
| 001 | WB3742-01 | ||
| 008 | 011107n2001 000 0 eng u | ||
| 035 | _a(Sirsi) u115526 | ||
| 245 | _aCompetitiveness of construction industry | ||
| 260 | _c2001 | ||
| 490 |
_aRICS European Alert _vOctober 2001, 2(1) |
||
| 520 | _aAt a joint seminar of construction industry representatives, EU Member States, and the European Commission, held in May 1999, 13 priority recommendations for action were identified. A series of working groups were set up to work on these recommendations. The final reports of all the working groups have now been published. They can be downloaded from: http://www.europa.eu.int/comm/enterprise/construction/compet/compcon.htm | ||
| 590 | _aWB | ||
| 650 | _aEUROPE | ||
| 650 | _aCOMPETITIVENESS | ||
| 650 | _aREPORTS | ||
| 650 | _aCONSTRUCTION INDUSTRY | ||
| 650 | _aIMPROVEMENTS | ||
| 690 | _aBUILT ENVIRONMENT | ||
| 942 | _n0 | ||
| 999 |
_c68810 _d68810 |
||